Sélections de Manu Koné en EDF - Statistiques

Statistiques générales
  • Ce quiz a été pris 18 fois
  • Le résultat moyen est 9 sur 12
Statistiques - réponses
Sélection Date Pays Compétition % Correct
8 8 juin 2025 Allemagne Ligue des nations
100%
7 5 juin 2025 Espagne Ligue des nations
94%
1 6 septembre 2024 Italie Ligue des nations
88%
4 17 novembre 2024 Italie Ligue des nations
88%
9 5 septembre 2025 Ukraine Qualif mondial 2026
88%
12 13 novembre 2025 Ukraine Qualif mondial 2026
88%
10 9 septembre 2025 Islande Qualif mondial 2026
82%
11 13 octobre 2025 Islande Qualif mondial 2026
82%
2 9 septembre 2024 Belgique Ligue des nations
59%
3 14 octobre 2024 Belgique Ligue des nations
59%
5 20 mars 2025 Croatie Ligue des nations
53%
6 23 mars 2025 Croatie Ligue des nations
53%
Aucun quiz correspondant
Distribution des résultats
% des personnes avec chaque résultat
Percentile par nombre de réponses
Votre historique - résultats
Vous n’avez pas pris ce quiz